| 000 | 00452nam a2200181Ia 4500 | ||
|---|---|---|---|
| 005 | 20240823060148.0 | ||
| 008 | 240823s9999||||xx |||||||||||||| ||und|| | ||
| 041 | _aTAMIL | ||
| 082 | _A894.81115 Q4 | ||
| 100 | _aNalli Kuppuswami Chettiar | ||
| 245 | 0 | _aBharathi Tirunal Sutesamithiran Ninaivu Anjaligal | |
| 250 | _a2nd | ||
| 260 |
_c2014 _bSri Puvaneswari Pathi |
||
| 500 | _aYES | ||
| 650 |
_aTamil _bGeneral |
||
| 942 | _cBK | ||
| 999 |
_c230480 _d230480 |
||